书目信息 |
| 题名: |
数学应用展观
|
|
| 作者: | 沈文选 , 杨清桃 编著 | |
| 分册: | ||
| 出版信息: | 哈尔滨 哈尔滨工业大学出版社 2018.01 |
|
| 页数: | 372页 | |
| 开本: | 26cm | |
| 丛书名: | 中学数学拓展丛书 | |
| 单 册: | ||
| 中图分类: | G633.603 | |
| 科图分类: | ||
| 主题词: | 中学数学课--教学参考资料 | |
| 电子资源: | ||
| ISBN: | 978-7-5603-6771-2 | |
| 000 | 00992oam2 2200277 450 | |
| 001 | 4363 | |
| 005 | 20180613174327.31 | |
| 010 | @a978-7-5603-6771-2@dCNY68.00 | |
| 100 | @a20180315d2018 em y0chiy50 ea | |
| 101 | 0 | @achi |
| 102 | @aCN@b230000 | |
| 105 | @ay z 000yy | |
| 200 | 1 | @a数学应用展观@9shu xue ying yong zhan guan@f沈文选,杨清桃编著 |
| 205 | @a2版 | |
| 210 | @a哈尔滨@c哈尔滨工业大学出版社@d2018.01 | |
| 215 | @a372页@d26cm | |
| 225 | 1 | @a中学数学拓展丛书 |
| 300 | @a湖南省教育厅科研课题《教育数学的研究》成果之七 | |
| 330 | @a本书共分为十三章,涉及整数、分数,平面几何,三角,函数,集合,不等式,数列,立体几何,平面解析几何的实际应用以及向量与复数,排列组合与概率统计,微积分,矩阵的初步应用。 | |
| 461 | 0 | @12001 @a中学数学拓展丛书 |
| 606 | 0 | @a中学数学课@j教学参考资料 |
| 690 | @aG633.603@v5 | |
| 701 | 0 | @a沈文选@9shen wen xuan@f(1948~)@4编著 |
| 701 | 0 | @a杨清桃@9yang qing tao@4编著 |
| 801 | 0 | @aCN@b91MARC@c20180315 |
| 905 | @aMuseLib@dG633.603@e714=2 | |
| 数学应用展观/沈文选,杨清桃编著.-2版.-哈尔滨:哈尔滨工业大学出版社,2018.01 |
| 372页;26cm.-(中学数学拓展丛书) |
| 湖南省教育厅科研课题《教育数学的研究》成果之七 |
| ISBN 978-7-5603-6771-2:CNY68.00 |
| 本书共分为十三章,涉及整数、分数,平面几何,三角,函数,集合,不等式,数列,立体几何,平面解析几何的实际应用以及向量与复数,排列组合与概率统计,微积分,矩阵的初步应用。 |
| ● |
| 相关链接 |
|
|
|
|
正题名:数学应用展观
索取号:G633.603/714=2
 
预约/预借
| 序号 | 登录号 | 条形码 | 馆藏地/架位号 | 状态 | 备注 |
| 1 | 1117173 | 211171738 | 第一样本阅览室/ [索取号:G633.603/714=2] | 在馆 | |
| 2 | 1117174 | 211171747 | 教育系资料室/ [索取号:G633.603/714=2] | 在馆 | |
| 3 | 1117175 | 211171756 | 教育系资料室/ [索取号:G633.603/714=2] | 在馆 | |
| 4 | 1117176 | 211171765 | 教育系资料室/ [索取号:G633.603/714=2] | 在馆 | |
| 5 | 1117177 | 211171774 | 第四借阅区/ [索取号:G633.603/714=2] | 在馆 |